[Event "Prestwich"]
[Site "Prestwich"]
[Date "1990.??.??"]
[Round "5"]
[White "Badea, Bela"]
[Black "Galliamova, Alisa"]
[Result "1-0"]
[WhiteElo "2495"]
[BlackElo "2365"]

1.c4 Nf6 2.Nc3 c5 3.Nf3 e6 4.g3 b6 5.Bg2 Bb7 6.d4 cxd4 7.Qxd4 Be7 8.O-O d6
9.Rd1 a6 10.Bg5 Nbd7 11.Qd2 Rc8 12.Bf4 e5 13.Bg5 Bxf3 14.exf3 Rxc4 15.Qe2 b5
16.a4 O-O 17.axb5 axb5 18.Nxb5 Nb6 19.Bxf6 gxf6 20.f4 Kh8 21.Qh5 d5 22.fxe5 fxe5
23.Qxe5+ Bf6 24.Qh5 Bxb2 25.Ra7 Qf6 26.Bh3 Rc5 27.Bf5 h6 28.Bd3 Nc8 29.Ra4 Qg5
30.Qe2 Nb6 31.Qxb2+  1-0

[Event "Pula op"]
[Site "Pula"]
[Date "1990.??.??"]
[Round "2"]
[White "Arbakov, Valentin"]
[Black "Angelov, Georgi"]
[Result "1-0"]
[WhiteElo "2415"]
[BlackElo "2335"]

1.c4 c5 2.Nf3 Nf6 3.Nc3 b6 4.e4 d6 5.d4 cxd4 6.Nxd4 Bb7 7.Bd3 Nbd7 8.O-O g6
9.Re1 Bg7 10.Bg5 O-O 11.Bf1 h6 12.Bh4 Rc8 13.f4 e5 14.Ndb5 exf4 15.Nxd6 g5
16.Nxb7 Qc7 17.Nd6 gxh4 18.Nxc8 Qxc8 19.Nd5 Qc5+ 20.Kh1 Nxd5 21.exd5 Ne5
22.Qh5 f5 23.Qxh4 f3 24.Rab1 a5 25.a3 a4 26.b4 axb3 27.Rxb3 fxg2+ 28.Bxg2 f4
29.Rxe5 Bxe5 30.Qxh6 Qd4 31.Qg6+ Bg7 32.Rf3 Rf6 33.Qe8+ Bf8 34.Rf1 Kg7 35.Be4 Bc5
36.d6 Rf8 37.Qe7+ Rf7 38.Qg5+ Kf8 39.Bd5 Rg7 40.Qd8+  1-0

[Event "Pula op"]
[Site "Pula"]
[Date "1990.??.??"]
[Round "4"]
[White "Vukanovic, Sasa"]
[Black "Anastasian, Ashot"]
[Result "1/2-1/2"]
[WhiteElo "2260"]
[BlackElo "2490"]

1.Nf3 c5 2.c4 Nf6 3.Nc3 e6 4.d4 cxd4 5.Nxd4 a6 6.g3 Qc7 7.Qd3 Nc6 8.Nxc6 Qxc6
9.e4 b6 10.Bg2 Bb7 11.Bd2 Be7 12.O-O O-O 13.h3 d6 14.Rac1 Nd7 15.Qe2 Bf6
16.Bf4 Rfd8 17.Rfd1 Ne5 18.b3 Rac8 19.Be3 Qc7 20.Na4 Nd7 21.Qd2 Nc5 22.Qb4 Nxa4
23.bxa4 Bc6 24.Bxb6 Qb7 25.a5 Be7 26.Qe1 Rd7 27.Qe2 Qa8 28.Rb1  1/2-1/2

[Event "Pula op"]
[Site "Pula"]
[Date "1990.??.??"]
[Round "7"]
[White "Vukanovic, Sasa"]
[Black "Kapengut, Albert Z"]
[Result "1/2-1/2"]
[WhiteElo "2260"]
[BlackElo "2450"]

1.Nf3 c5 2.c4 Nf6 3.Nc3 d5 4.cxd5 Nxd5 5.e4 Nb4 6.Bc4 Be6 7.Bxe6 Nd3+ 8.Kf1 fxe6
9.Ng5 Qb6 10.Qf3 c4 11.b3 Nc6 12.Qf7+ Kd7 13.Qxe6+ Ke8 14.Qf7+ Kd7 15.bxc4 Nce5
16.Qd5+ Ke8 17.Qb5+ Qxb5 18.cxb5 h6 19.Ne6 Kd7 20.Nc5+ Nxc5 21.d4 Rc8 22.dxc5 Rxc5
23.Bd2 Nc4 24.Ke2 Nxd2 25.Kxd2 g5 26.Rab1 Bg7 27.Rhc1 Rf8 28.Nd1 Kd6 29.Kd3 e6
30.f3  1/2-1/2

[Event "Reykjavik op"]
[Site "Reykjavik"]
[Date "1990.??.??"]
[Round "2"]
[White "Olafsson, Helgi"]
[Black "Levitt, Jonathan"]
[Result "1-0"]
[WhiteElo "2575"]
[BlackElo "2465"]

1.c4 Nf6 2.Nc3 e6 3.Nf3 c5 4.g3 b6 5.Bg2 Bb7 6.O-O Be7 7.d4 Ne4 8.Nxe4 Bxe4
9.Bf4 O-O 10.dxc5 bxc5 11.Qd2 Qb6 12.Rfd1 Rd8 13.Qe3 Qb7 14.Bd6 Bxd6 15.Rxd6 Qxb2
16.Rad1 Qb7 17.Rxe6 fxe6 18.Ng5 h6 19.Nxe4 Nc6 20.Nxc5 Qc7 21.Nxd7 Rac8 22.Qxe6+ Kh8
23.Be4 Ne7 24.Rd6 Qxc4 25.Qxe7 Qc1+ 26.Kg2 Re8 27.Qf7 Rxe4 28.Rg6  1-0

[Event "Rome op"]
[Site "Rome"]
[Date "1990.??.??"]
[Round "9"]
[White "Suba, Mihai"]
[Black "Grosar, Aljosa"]
[Result "1-0"]
[WhiteElo "2505"]
[BlackElo "2345"]

1.Nf3 Nf6 2.c4 c5 3.Nc3 d5 4.cxd5 Nxd5 5.d4 cxd4 6.Qxd4 Nxc3 7.Qxc3 Nc6 8.e4 a6
9.h3 e5 10.a3 Bd6 11.Bc4 O-O 12.O-O Qc7 13.Be3 Na5 14.Bd5 Qxc3 15.bxc3 Be6
16.Rfd1 Bxd5 17.Rxd5 Nc4 18.Nd2 Nxe3 19.fxe3 Rfd8 20.a4 Rac8 21.Rb1 b5 22.axb5 axb5
23.Rbxb5 f6 24.c4 Ba3 25.Rb1 f5 26.exf5 Rxd5 27.cxd5 Bc5 28.Kf2 Rd8 29.Ke2 Ra8
30.Rb5 Be7 31.Ne4 Ra6 32.Kf3 Kf7 33.Rb7 Kf8 34.Rc7 g6 35.Rc6 Rxc6 36.dxc6 Ke8
37.f6 Bf8 38.f7+  1-0

[Event "Sankt Augustin"]
[Site "Sankt Augustin"]
[Date "1990.??.??"]
[Round "5"]
[White "Wintzer, Joachim"]
[Black "Erdelyi, Tamas"]
[Result "0-1"]
[WhiteElo "2315"]
[BlackElo "2365"]

1.c4 c5 2.Nc3 Nf6 3.Nf3 b6 4.e4 d6 5.d4 cxd4 6.Nxd4 Bb7 7.Qe2 e6 8.g4 g6
9.Bg2 Bg7 10.Be3 O-O 11.O-O-O a6 12.f4 Qc7 13.f5 e5 14.Nc2 Rc8 15.g5 Ne8
16.f6 Bf8 17.Nd5 Bxd5 18.cxd5 Nd7 19.Kb1 a5 20.h4 h5 21.Rc1 Nc5 22.Na3 Qb7
23.Nb5 Nc7 24.Nxc7 Rxc7 25.Qb5 a4 26.Bd2 Qb8 27.Rc4 Rb7 28.Rc2 Rba7 29.Rcc1 Rb7
30.Rh2 Qa7 31.Bf3 Rc7 32.Bc3 Qb8 33.Rg2 Qc8 34.Rh2 a3 35.Rcc2 axb2 36.Bxb2 Qb8
37.Ba1 Ra5 38.Qb4 Ra4 39.Qe1 Nd3 40.Qd1 Rb4+ 41.Bb2 Rxb2+ 42.Rxb2 Rc1+ 43.Qxc1 Nxc1
44.Kxc1 Qc8+ 45.Rbc2 Qa6 46.Rc3 Qf1+ 47.Kb2 Bg7 48.fxg7 Kxg7 49.Rh1 Qf2+
50.Kb1 b5 51.Rb3 b4 52.Bd1 Qg2 53.Bf3 Qf2 54.Rd3 Kf8 55.Bd1 Qg2 56.Bf3 Qf2
57.Rb3 Kg7 58.Rd3 Kf8 59.Bd1 Qg2 60.Rhh3 Qxe4 61.Bc2 Kg7 62.Kb2 Qc4 63.Rd2 Qg4
64.Rhh2 Qg3 65.Kb1 Qg1+ 66.Kb2 Qg3 67.Rde2 Kg8 68.Kb1 Qg1+ 69.Kb2 Qd4+ 70.Kb3 Qxd5+
71.Kxb4 Qd4+ 72.Kb3 d5 73.a3 e4 74.Ka2 e3 75.Bb3 Qd3 76.Bxd5 Qxd5+ 77.Kb2 Qd3
78.Reg2 Kg7 79.Re2 f6 80.gxf6+ Kxf6 81.Rc2 Kf5 82.Rc3 Qb5+ 83.Kc2 e2 84.Rh1 Qa4+
85.Kd2 Qd4+ 86.Rd3 Qf4+ 87.Re3 Qf1  0-1

[Event "Santa Clara"]
[Site "Santa Clara"]
[Date "1990.??.??"]
[Round "6"]
[White "Verduga, Denis Homero"]
[Black "Vera, Reynaldo"]
[Result "1/2-1/2"]
[WhiteElo "2405"]
[BlackElo "2475"]

1.Nf3 Nf6 2.c4 c5 3.Nc3 d5 4.cxd5 Nxd5 5.g3 Nc6 6.Bg2 e6 7.O-O Be7 8.Nxd5 exd5
9.d4 O-O 10.Be3 c4 11.Ne5  1/2-1/2

[Event "Schwaebisch Gmuend op"]
[Site "Schwaebisch Gmuend"]
[Date "1990.??.??"]
[Round "?"]
[White "Banas, Jan"]
[Black "Roeder, Mathias"]
[Result "1/2-1/2"]
[WhiteElo "2395"]
[BlackElo "2450"]

1.c4 Nf6 2.Nc3 c5 3.Nf3 b6 4.e4 d6 5.d4 cxd4 6.Nxd4 Bb7 7.Bd3 Nbd7 8.Qe2 g6
9.f3 Bg7 10.Be3 O-O 11.O-O Ne5 12.Rfd1 Rc8 13.Rac1 e6 14.Ndb5 a6 15.Na3 Qc7
16.Qf2 Nfd7 17.Bf1 f5 18.Qc2 f4 19.Bf2 g5 20.Qd2 Nf7 21.Be2 Be5 22.Nc2 Kh8
23.Nd4 Rce8 24.b4 Rg8 25.Nb3 g4 26.fxg4 Nf6 27.h3 h5 28.Bd4 hxg4 29.hxg4 Bxd4+
30.Qxd4 e5 31.Qd3 Rg6 32.Nd5 Bxd5 33.cxd5 Qe7 34.Rc3 b5 35.Rdc1 Qa7+ 36.Kf1 Rh6
37.Bf3 Ng5 38.Rc7 Qb6 39.R7c6 Qa7 40.Rc7  1/2-1/2

[Event "Tatran Cup"]
[Site "Stary Smokovec"]
[Date "1990.??.??"]
[Round "9"]
[White "Cvetkovic, Srdjan"]
[Black "Horvath, Jozsef"]
[Result "0-1"]
[WhiteElo "2430"]
[BlackElo "2540"]

1.c4 c5 2.Nf3 Nf6 3.Nc3 d5 4.cxd5 Nxd5 5.e4 Nb4 6.Bb5+ N8c6 7.d4 cxd4 8.a3 Bd7
9.axb4 dxc3 10.bxc3 g6 11.Be3 Bg7 12.Qb3 O-O 13.O-O Qc7 14.Be2 Ne5 15.Rac1 Ng4
16.Bg5 Bc6 17.h3 h6 18.hxg4 hxg5 19.Nxg5 Bh6 20.f4 Bxg5 21.fxg5 Qb6+ 22.Rf2 Qe3
23.Rf1 b5 24.Kh2 Qxe4 25.c4 Qe5+ 26.Kg1 Qxg5 27.cxb5 Bd5 28.Bc4 e6 29.Bxd5 exd5
30.Rd1 Rad8 31.Qf3 d4 32.Qf4 Qxb5 33.Rxd4 Rxd4 34.Qxd4 Re8 35.Qxa7 Re1+ 36.Kh2 Qe5+
37.g3 Qh8+  0-1

[Event "Rilton Cup"]
[Site "Stockholm"]
[Date "1990.??.??"]
[Round "5"]
[White "Cramling, Dan"]
[Black "Carlhammar, Magnus"]
[Result "1-0"]
[WhiteElo "2420"]
[BlackElo "2260"]

1.c4 c5 2.Nf3 Nf6 3.Nc3 d5 4.cxd5 Nxd5 5.e3 Nxc3 6.bxc3 g6 7.Be2 Bg7 8.O-O O-O
9.d4 Qc7 10.Ba3 b6 11.dxc5 Rd8 12.Qb3 Ba6 13.cxb6 axb6 14.Bxa6 Nxa6 15.Nd4 Nc5
16.Bxc5 Qxc5 17.a4 Rdc8 18.Rfc1 Ra6 19.g3 Qc4 20.Qb5 Bxd4 21.cxd4 Qxc1+ 22.Rxc1 Rxc1+
23.Kg2 Ra8 24.Qxb6 e6 25.Qb7 Rcc8 26.h4 Rcb8 27.Qc7 Rc8 28.Qe5 Rxa4 29.h5 gxh5
30.Qg5+ Kh8 31.Qf6+ Kg8 32.Qg5+ Kh8 33.Qxh5 Kg8 34.Qg5+ Kh8 35.Qh5 Kg8 36.Kf3 Rca8
37.Qg5+ Kh8 38.Qf6+ Kg8 39.Qg5+ Kh8 40.Qf6+ Kg8 41.Kg4 R4a5 42.e4 Rb5 43.e5 Rd5
44.Kh5 Ra1 45.Qh4 Kg7 46.Kg5 f6+ 47.Kh5  1-0

[Event "JUG-Cup"]
[Site "Svetozarevo"]
[Date "1990.??.??"]
[Round "?"]
[White "Djuric, Stefan"]
[Black "Marinkovic, Ivan"]
[Result "1-0"]
[WhiteElo "2495"]
[BlackElo "2470"]

1.Nf3 Nf6 2.c4 c5 3.Nc3 b6 4.e4 Bb7 5.e5 Ng8 6.d4 Bxf3 7.Qxf3 Nc6 8.d5 Nxe5
9.Qe2 d6 10.f4 Nd7 11.g4 g6 12.h4 h6 13.Bh3 Bg7 14.g5 a6 15.Bd2 Qc7 16.a4 Qb7
17.O-O-O a5 18.Nb5 O-O-O 19.Rdf1 Kb8 20.Rf3 hxg5 21.hxg5 Nf8 22.Rhf1 f5 23.Rb3 Qa6
24.Rff3 Kc8 25.Rfe3 Rh7 26.Kb1 Bh8 27.Ka2 Rd7 28.Bg2 Kd8 29.Re6 Qc8 30.Qe1 Rh2
31.Bh3 Rxd2 32.Qxd2 Nxe6 33.dxe6 Rb7 34.Bg2 Ke8 35.Bxb7 Qxb7 36.Qd5  1-0

[Event "SWZ-GP"]
[Site "?"]
[Date "1990.??.??"]
[Round "4"]
[White "Gheorghiu, Florin"]
[Black "Mascarinas, Rico"]
[Result "1-0"]
[WhiteElo "2470"]
[BlackElo "2470"]

1.Nf3 Nf6 2.c4 c5 3.Nc3 e6 4.g3 b6 5.Bg2 Bb7 6.O-O a6 7.d4 cxd4 8.Qxd4 d6
9.Rd1 Be7 10.b3 Nbd7 11.e4 O-O 12.Ba3 Nc5 13.e5 dxe5 14.Qxd8 Rfxd8 15.Nxe5 Bxg2
16.Kxg2 Bf8 17.Bxc5 Bxc5 18.Na4 Ne4 19.Nxc5 bxc5 20.Nc6 Rxd1 21.Rxd1 Nc3
22.Rd2 Kf8 23.Kf3 Rc8 24.Ne5 f6 25.Nd3 Ke7 26.Rc2 Nb1 27.Ke3 g5 28.Rc1 Na3
29.Kd2 e5 30.Kc3 Kd6 31.Kb2 e4 32.Ne1  1-0

[Event "SWZ-GP"]
[Site "?"]
[Date "1990.??.??"]
[Round "5"]
[White "Wirthensohn, Heinz"]
[Black "Dizdarevic, Emir"]
[Result "1/2-1/2"]
[WhiteElo "2410"]
[BlackElo "2475"]

1.Nf3 Nf6 2.c4 e6 3.Nc3 c5 4.g3 Be7 5.Bg2 O-O 6.O-O a6 7.b3 d6 8.Bb2 Nbd7
9.d4 cxd4 10.Qxd4 Qc7 11.Rfd1 Rd8 12.Ng5 Nf8 13.Rac1 Bd7 14.Nge4 Ne8 15.Qe3 Rac8
16.g4 Qb8 17.Ng3 Ng6 18.Nce4 Bc6 19.Nh5 d5 20.cxd5 Rxd5 21.Rxd5 Bxd5 22.Rxc8 Qxc8  1/2-1/2

[Event "SWZ-GP"]
[Site "?"]
[Date "1990.??.??"]
[Round "7"]
[White "Mascarinas, Rico"]
[Black "Brunner, Lucas"]
[Result "1/2-1/2"]
[WhiteElo "2470"]
[BlackElo "2525"]

1.Nf3 Nf6 2.c4 e6 3.Nc3 c5 4.g3 d5 5.cxd5 Nxd5 6.Bg2 Nc6 7.O-O Be7 8.d4 O-O
9.Nxd5 exd5 10.dxc5 Bxc5 11.Qc2 Bb6 12.Rd1 Qf6 13.Bg5 Qe6 14.h4 h6 15.Bf4 Rd8
16.Rac1 Qe7 17.a3 Bg4 18.b4 Rac8 19.Qb2 Re8 20.b5 Na5 21.Ne5 Rxc1 22.Qxc1 Be6
23.Bxd5 Bxd5 24.Rxd5 f6 25.Nd7 Qxe2 26.Nxb6 axb6 27.Rd7 Qe1+ 28.Qxe1 Rxe1+
29.Kg2  1/2-1/2

[Event "Sydney"]
[Site "Sydney"]
[Date "1990.??.??"]
[Round "2"]
[White "Azmaiparashvili, Zurab"]
[Black "Gedevanishvili, Dmitry"]
[Result "1-0"]
[WhiteElo "2610"]
[BlackElo "2420"]

1.c4 Nf6 2.Nc3 c5 3.Nf3 e6 4.d4 cxd4 5.Nxd4 b6 6.Ndb5 a6 7.Nd6+ Bxd6 8.Qxd6 Nc6
9.g3 Bb7 10.Bg2 Na5 11.Bxb7 Nxb7 12.Qd4 Rc8 13.O-O h6 14.b3 O-O 15.Rd1 Rc6
16.Ba3 Re8 17.Bb2 Rd6 18.Qf4 Qb8 19.Qf3 Rc8 20.Ne4 Nxe4 21.Qxe4 Rc5 22.Ba3 Rxd1+
23.Rxd1 Rc7 24.Bb2 Qf8 25.Rd4 b5 26.cxb5 axb5 27.Qd3 Qc8 28.Rg4 g5 29.Qd4 Rc1+
30.Kg2 Qc6+ 31.f3 Kf8 32.Bxc1 Qxc1 33.Qh8+ Ke7 34.Qxh6 Qc2 35.Qxg5+ Kd6 36.Rd4+ Kc6
37.Qd2  1-0

[Event "Sydney"]
[Site "Sydney"]
[Date "1990.??.??"]
[Round "7"]
[White "Davidovic, Aleksandar"]
[Black "Johansen, Darryl K"]
[Result "1/2-1/2"]
[WhiteElo "2420"]
[BlackElo "2420"]

1.Nf3 e6 2.c4 Nf6 3.Nc3 c5 4.g3 b6 5.Bg2 Bb7 6.d4 cxd4 7.Qxd4 Bb4 8.O-O Nc6
9.Qd3 O-O 10.Bf4 Bxc3 11.Qxc3 d5 12.Rfd1 Qe7 13.Bg5 dxc4 14.Qxc4 h6 15.Bf4 Na5
16.Qd4 Rfd8 17.Bd6 Qe8 18.Qh4 Nd5 19.Ba3  1/2-1/2

[Event "Tastrup-B"]
[Site "Tastrup"]
[Date "1990.??.??"]
[Round "3"]
[White "Adamski, Jan"]
[Black "Olesen, Martin"]
[Result "1/2-1/2"]
[WhiteElo "2410"]
[BlackElo "2270"]

1.Nf3 Nf6 2.c4 c5 3.Nc3 e6 4.g3 b6 5.Bg2 Bb7 6.O-O a6 7.Re1 Be7 8.e4 d6 9.d4 cxd4
10.Nxd4 Qc7 11.Be3 Nbd7 12.Rc1 O-O 13.f4 Nc5 14.Bf2 e5 15.Nf5 g6 16.Nxe7+ Qxe7
17.b4 Ncd7 18.Nd5 Bxd5 19.exd5 Rac8 20.fxe5 Nxe5 21.Bxb6 Qb7 22.c5 Nfd7 23.Qd4 Nxb6
24.cxb6 Rb8 25.a3 Qxb6 26.Qxb6 Rxb6 27.Re4 a5 28.bxa5 Ra6 29.Ra4  1/2-1/2

[Event "Toronto1"]
[Site "Toronto"]
[Date "1990.??.??"]
[Round "4"]
[White "Vaganian, Rafael A"]
[Black "Vranesic, Zvonko"]
[Result "1-0"]
[WhiteElo "2605"]
[BlackElo "2335"]

1.Nf3 Nf6 2.c4 e6 3.Nc3 c5 4.g3 Nc6 5.Bg2 d5 6.cxd5 exd5 7.d4 Be7 8.O-O O-O
9.Bg5 cxd4 10.Nxd4 h6 11.Be3 Be6 12.Qa4 Qd7 13.Nxe6 fxe6 14.Rad1 Bd6 15.Bf4 Bxf4
16.Qxf4 Qe7 17.Qh4 Rad8 18.e3 a6 19.Rd2 Rd6 20.Rfd1 Rfd8 21.e4 dxe4 22.Rxd6 Rxd6
23.Rxd6 Qxd6 24.Nxe4 Qd1+ 25.Bf1 Qd4 26.Nxf6+ Qxf6 27.Qxf6 gxf6 28.Bg2 Nd8
29.Kf1 Kf7 30.Ke2 b6 31.Ke3 Ke7 32.b4 Kd6 33.f4 Nc6 34.Bxc6 Kxc6 35.Ke4 h5
36.h3 Kd6 37.g4 hxg4 38.hxg4 a5 39.a3 axb4 40.axb4 Ke7 41.Ke3 Kf7 42.Kd3 Kg7
43.Kc4 Kg6 44.Kb5 f5 45.gxf5+ Kxf5 46.Kxb6 Kxf4 47.Kc5 e5 48.b5 e4 49.b6  1-0

[Event "Toulouse op"]
[Site "Toulouse"]
[Date "1990.??.??"]
[Round "8"]
[White "Pytel, Krzysztof"]
[Black "Marciano, David"]
[Result "1-0"]
[WhiteElo "2400"]
[BlackElo "2335"]

1.Nf3 Nf6 2.c4 c5 3.Nc3 e6 4.g3 b6 5.Bg2 Bb7 6.O-O Be7 7.d4 cxd4 8.Qxd4 d6
9.Bg5 a6 10.Bxf6 Bxf6 11.Qd3 Qc7 12.Rad1 Be7 13.Ne4 O-O 14.Neg5 g6 15.h4 Nd7
16.b3 Rad8 17.Qe3 Qc5 18.Nd4 Bxg2 19.Kxg2 Ne5 20.f3 b5 21.Ne4 Qb6 22.Qh6 Rfe8
23.h5 d5 24.hxg6 Nxg6 25.c5 Qc7 26.Rh1 Nf8 27.Nf6+ Bxf6 28.Qxf6 Qxc5 29.Rc1 Qd6
30.Nc6 Rd7 31.Ne5 Qe7 32.Nxd7 Qxd7 33.Rh5 Rc8 34.Rhh1 b4 35.Qd4 a5 36.Rc5 Qa7
37.Qg4+  1-0

[Event "Toulouse op"]
[Site "Toulouse"]
[Date "1990.??.??"]
[Round "8"]
[White "Roos, Celine"]
[Black "Chavez, Romelio"]
[Result "1-0"]
[WhiteElo "2125"]
[BlackElo "2220"]

1.c4 Nf6 2.Nc3 c5 3.Nf3 b6 4.g3 Bb7 5.Bg2 e6 6.O-O Be7 7.b3 a6 8.Bb2 O-O
9.d4 d6 10.Qd3 cxd4 11.Nxd4 Bxg2 12.Kxg2 Qc7 13.Qf3 Ra7 14.Rfd1 Rc8 15.Rd2 Nc6
16.e4 Nxd4 17.Rxd4 Qc6 18.Rad1 b5 19.cxb5 axb5 20.a4 bxa4 21.Rc4 Qb7 22.Rxc8+ Qxc8
23.Nb5 Rd7 24.bxa4 Qc2 25.Bxf6 Bxf6 26.e5 Qxa4 27.exf6  1-0

[Event "Tuzla"]
[Site "Tuzla"]
[Date "1990.??.??"]
[Round "11"]
[White "Vasiljevic, Bozidar"]
[Black "Milovanovic, Rade"]
[Result "0-1"]
[WhiteElo "2260"]
[BlackElo "2440"]

1.Nf3 c5 2.c4 Nf6 3.Nc3 d5 4.cxd5 Nxd5 5.g3 Nc6 6.Bg2 Nc7 7.O-O e5 8.d3 Be7
9.b3 O-O 10.Bb2 f6 11.Qc2 Bg4 12.Ne4 b6 13.Rac1 Kh8 14.Qb1 a5 15.Rfe1 a4
16.Ned2 axb3 17.axb3 Nb4 18.Nc4 Ra6 19.Nfd2 Ne6 20.Ne3 Bh5 21.Nc2 Na2 22.Rcd1 Nd4
23.Bf1 f5 24.Nxd4 exd4 25.Nc4 f4 26.Bg2 fxg3 27.hxg3 Nc3 28.Bxc3 dxc3 29.Qc2 Qd4
30.Rf1 b5  0-1

[Event "Val Maubuee op"]
[Site "Val Maubuee"]
[Date "1990.??.??"]
[Round "?"]
[White "Lecuyer, Christian"]
[Black "Grosar, Aljosa"]
[Result "0-1"]
[WhiteElo "2290"]
[BlackElo "2345"]

1.c4 Nf6 2.Nc3 c5 3.Nf3 d5 4.cxd5 Nxd5 5.e4 Nb4 6.d4 cxd4 7.a3 N4c6 8.Nd5 e6
9.Nf4 Be7 10.h4 Nd7 11.b4 a6 12.Bb2 e5 13.Nh5 Nf6 14.Nxg7+ Kf8 15.Nf5 Nxe4
16.Nxe7 Qxe7 17.Qc1 Qf6 18.Bd3 Nd6 19.Qc5 Kg7 20.O-O Bf5 21.Bxf5 Nxf5 22.Rae1 Rhe8
23.Re4 Rac8 24.Rg4+ Kh8 25.Qb6 Nd6 26.Rc1 Rg8 27.Rxg8+ Rxg8 28.Rxc6 Qxf3  0-1

[Event "Vienna op"]
[Site "Vienna"]
[Date "1990.??.??"]
[Round "2"]
[White "Butnorius, Algimantas"]
[Black "Baum, Bernd"]
[Result "1/2-1/2"]
[WhiteElo "2420"]
[BlackElo "2290"]

1.Nf3 Nf6 2.c4 c5 3.Nc3 d5 4.cxd5 Nxd5 5.d4 Nxc3 6.bxc3 g6 7.e3 Bg7 8.Be2 O-O
9.O-O Qc7 10.a4 b6 11.Bb2 Bb7 12.a5 Nc6 13.a6 Bc8 14.Bb5 Rd8 15.Qa4 Bd7 16.Rfd1 Rac8
17.Ba3 Nb8 18.dxc5 bxc5 19.Rab1 Bf5 20.Rxd8+  1/2-1/2

[Event "Vienna op"]
[Site "Vienna"]
[Date "1990.??.??"]
[Round "3"]
[White "Blees, Albert"]
[Black "Ftacnik, Lubomir"]
[Result "0-1"]
[WhiteElo "2400"]
[BlackElo "2550"]

1.c4 Nf6 2.Nc3 c5 3.Nf3 e6 4.g3 b6 5.Bg2 Bb7 6.O-O Be7 7.d4 cxd4 8.Qxd4 d6
9.b3 Nbd7 10.Nb5 Nc5 11.Rd1 d5 12.Bf4 O-O 13.Rac1 Nce4 14.e3 Bc5 15.Qb2 a6
16.Nc7 Rc8 17.cxd5 Nxd5 18.Nxd5 Bxd5 19.Be5 f6 20.Bd4 Qe7 21.Bxc5 Nxc5 22.Nd4 Bxg2
23.Kxg2 e5 24.Nf5 Qe6 25.b4 Qxf5 26.bxc5 bxc5 27.Qb3+ Kh8 28.Qd5 h5 29.h3 Kh7
30.Rc4 Rb8 31.e4 Qg6 32.Qxc5 Rfd8 33.Rxd8 Rxd8 34.Qb6 Rd2 35.Qa5 Qg5 36.Rc3 h4
37.g4 Rb2 38.Qxa6 Qf4 39.Rf3 Qxe4 40.Qe6 Rd2 41.Qf7 Qc6 42.g5 fxg5 43.Qf5+ Kh6
44.Qxe5 Rd3 45.Qf5 Rd1 46.a4 Ra1 47.Qf7 Rxa4 48.Kh2 Ra1 49.Qe7 Rh1+ 50.Kxh1 Qxf3+
51.Kg1 Qxh3 52.Qe4 Qd7 53.Kg2 Qd6 54.Qa8 Qe6 55.Qh8+ Kg6 56.Qa8 g4 57.Qa4 Qd5+
58.Kg1 h3  0-1

[Event "Voskresensk"]
[Site "Voskresensk"]
[Date "1990.??.??"]
[Round "?"]
[White "Barle, Janez"]
[Black "Ulibin, Mikhail"]
[Result "1/2-1/2"]
[WhiteElo "2430"]
[BlackElo "2500"]

1.Nf3 Nf6 2.c4 c5 3.Nc3 e6 4.e3 d5 5.d4 Nc6 6.cxd5 exd5 7.Be2 Bd6 8.dxc5 Bxc5
9.O-O O-O 10.b3 a6 11.Bb2 Ba7 12.Rc1 Qd6 13.Qd3 Bg4 14.Rfd1 Rad8 15.Qb1 Rfe8
16.Ng5 Bb8 17.g3 Bxe2 18.Nxe2 h6 19.Nf3 Qe6 20.Bxf6 Qxf6 21.Kg2 Ba7 22.Rd2 Rd6
23.Rcd1 Red8 24.Ned4 g6 25.Qd3 Nb8 26.Rc2 Nd7 27.Rdc1 Qe7 28.Rc8 Nf6 29.R1c7 Rd7
30.Rxd8+ Qxd8 31.Ne6 Qe8 32.Rxd7 Qxd7 33.Nf4 Bb8 34.Qd4 Qc6 35.Nd3 Bc7 36.Qb4 Ne4
37.Qe7 Qd6 38.Qe8+ Kg7 39.Nfe5 Qe6 40.Qxe6 fxe6 41.f4 Bd6 42.Nf3 Kf6 43.Nd4 g5
44.Nf2 Nxf2 45.Kxf2 g4 46.Ke2 e5 47.fxe5+ Bxe5 48.Kd3 h5 49.Ne2 h4 50.Nf4 hxg3
51.hxg3 Kf5 52.Ne2 b5 53.a4 bxa4 54.bxa4 Ke6 55.Nd4+ Kd6 56.Nf5+ Ke6 57.Nd4+ Kd6
58.Nf5+ Kc5 59.Nh6 Kb4 60.Nxg4 Bxg3 61.Nf6 Kxa4 62.Nxd5 Kb3 63.Ne7 a5 64.Nc6 a4
65.Nd4+ Kb2 66.Nb5  1/2-1/2

[Event "Voskresensk"]
[Site "Voskresensk"]
[Date "1990.??.??"]
[Round "?"]
[White "Mohr, Georg"]
[Black "Neverov, Valeriy"]
[Result "0-1"]
[WhiteElo "2450"]
[BlackElo "2505"]

1.Nf3 Nf6 2.c4 g6 3.Nc3 c5 4.e4 Nc6 5.d4 cxd4 6.Nxd4 Nxd4 7.Qxd4 d6 8.Bg5 Bg7
9.Be2 O-O 10.Qd2 Be6 11.O-O a6 12.f3 Rc8 13.Nd5 Nxd5 14.cxd5 Bd7 15.Be3 e6
16.Rac1 exd5 17.Rxc8 Bxc8 18.exd5 Re8 19.Bf2 b5 20.b3 b4 21.Bc4 Bc3 22.Qc1 Qa5
23.Qf4 Re5 24.Bg3 Bb7 25.Qf6 Re6 26.Qg5 Re8 27.h4 Kg7 28.h5 h6 29.Qf4 Bc8
30.Qh4 g5 31.Qh2 f5 32.Bf2 Be5 33.g3 Bf6 34.Ba7 Bb7 35.Qf2 Qc7 36.Bd4 Qe7
37.Bxf6+ Qxf6 38.Qb6 Re7 39.Kg2 f4 40.g4 a5 41.Rf2 Bc8 42.Qxa5 Bxg4 43.fxg4 Qc3
44.Qb6 Qg3+ 45.Kf1 f3 46.Qd4+ Kg8 47.Bd3 Qh3+  0-1

[Event "Vrnjacka Banja"]
[Site "Vrnjacka Banja"]
[Date "1990.??.??"]
[Round "12"]
[White "Moutousis, Konstantinos"]
[Black "Marinkovic, Ivan"]
[Result "1-0"]
[WhiteElo "2390"]
[BlackElo "2470"]

1.c4 c5 2.Nf3 Nf6 3.Nc3 b6 4.e4 Bb7 5.Qe2 Nc6 6.d3 d6 7.g3 g6 8.Bg2 Bg7 9.O-O O-O
10.Rb1 Nd7 11.Be3 a6 12.a3 Nd4 13.Qd1 Rb8 14.Ne2 e5 15.b4 Bc6 16.Qd2 f5 17.Ne1 f4
18.Bxd4 cxd4 19.gxf4 Bh6 20.Qa2 Bxf4 21.b5 Ba8 22.c5+ Kg7 23.c6 Nc5 24.a4 Rc8
25.Qc2 Rc7 26.Ra1 Rcf7 27.Nxf4 Rxf4 28.f3 Qg5 29.Qf2 h5 30.Kh1 Qf6 31.Qg3 Qf7
32.Ra3 Qa7 33.Nc2 a5 34.Bh3 h4 35.Qg2 Qf7 36.Ne1 Qf6 37.Rg1 Kh6 38.Bg4 Rg8
39.Qh3 Rg7 40.Ng2 g5 41.Rd1 Rf7 42.Nxf4 Qxf4 43.Qg2 Kg7 44.Qc2 Kf8 45.Raa1 Rg7
46.Qe2 Ke8 47.Ra3 Kd8 48.Rg1 Qf6 49.Qd2 Kc7 50.Bf5 Rg8 51.Rg2 Rg7 52.Qa2 Kb8
53.Qc4 Qf8 54.Qc2 Qf6 55.Ra1 Kc7 56.Rag1 Rg8 57.Qc4 Rg7 58.Rxg5 Rxg5 59.Rxg5 Qxg5
60.Qf7+ Kb8 61.c7+ Ka7 62.c8=N+  1-0

[Event "Warsaw"]
[Site "Warsaw"]
[Date "1990.??.??"]
[Round "4"]
[White "Hansen, Lars Bo"]
[Black "Gdanski, Jacek"]
[Result "1-0"]
[WhiteElo "2460"]
[BlackElo "2430"]

1.Nf3 c5 2.c4 Nf6 3.Nc3 g6 4.g3 Bg7 5.Bg2 O-O 6.O-O d6 7.d4 Na6 8.b3 Bf5
9.Bb2 Qd7 10.Qd2 Bh3 11.e4 Bxg2 12.Kxg2 cxd4 13.Nxd4 Nc5 14.f3 a6 15.Rad1 e6
16.Nc2 Rfd8 17.Rf2 Qc7 18.Qe3 Rab8 19.Rfd2 Ne8 20.Ba3 b6 21.Ne2 Rdc8 22.Bb4 b5
23.Bxc5 Qxc5 24.Qxc5 Rxc5 25.Ne3 Kf8 26.f4 f5 27.exf5 gxf5 28.Nd4 Bxd4 29.Rxd4 Ke7
30.Re1 bxc4 31.Nxc4 d5 32.Ne3 Kd7 33.h3 h5 34.g4 hxg4 35.hxg4 fxg4 36.f5 Rb6
37.Nc4 Rb7 38.Rxe6 Kc7 39.Ne3 Ng7 40.Rxa6 Kb8 41.Rxg4 d4 42.f6  1-0

[Event "Warsaw"]
[Site "Warsaw"]
[Date "1990.??.??"]
[Round "9"]
[White "Hansen, Lars Bo"]
[Black "Filipowicz, Andrzej"]
[Result "1-0"]
[WhiteElo "2460"]
[BlackElo "2385"]

1.Nf3 c5 2.c4 e6 3.Nc3 Nf6 4.g3 b6 5.Bg2 Bb7 6.O-O Be7 7.b3 O-O 8.Bb2 d5
9.e3 dxc4 10.bxc4 Nc6 11.Qe2 Rc8 12.Rfd1 Qc7 13.Rac1 Qb8 14.d3 Rfd8 15.h3 Qa8
16.Ne1 Rd7 17.f4 Nb4 18.Bf1 Rcd8 19.g4 Ne8 20.Qf2 Nd6 21.a3 Nc6 22.Be2 Bf6
23.Nf3 g6 24.h4 Bg7 25.h5 gxh5 26.gxh5 Nf5 27.Kh2 Kh8 28.Rg1 Bf6 29.Ng5 Na5
30.Bf1 h6 31.Nce4 Bg7 32.Bxg7+ Nxg7 33.Qb2 Bxe4 34.Nxe4 f5 35.Nf6 Qf3 36.Rg6  1-0

[Event "Werfen op"]
[Site "Werfen"]
[Date "1990.??.??"]
[Round "3"]
[White "Arkhipov, Sergey"]
[Black "Orlowski, Juergen"]
[Result "1-0"]
[WhiteElo "2440"]
[BlackElo "2300"]

1.c4 Nf6 2.Nc3 c5 3.Nf3 e6 4.e3 Nc6 5.d4 d5 6.cxd5 exd5 7.Be2 Be7 8.O-O O-O
9.b3 Bg4 10.dxc5 Bxc5 11.Bb2 Re8 12.Rc1 Bf8 13.h3 Bh5 14.Nd4 Bg6 15.Na4 Nxd4
16.Qxd4 Re4 17.Qd1 Rh4 18.Nc5 Ne4 19.Nxe4 Bxe4 20.Bg4 Qg5 21.f4 Qg6 22.Be5 f5
23.Bf3 Rxh3 24.Bxe4 dxe4 25.Qd5+ Kh8 26.Qxb7 Qg3 27.Bxg7+ Kg8 28.Qd5+ Kxg7
29.Rc7+ Kh8 30.Qe5+ Kg8 31.Rf2 Rh6 32.Qd5+ Kh8 33.Qxa8 Qh2+ 34.Kf1 Qh1+ 35.Ke2 Qh5+
36.Ke1 Qh1+ 37.Rf1 Qh4+ 38.Kd1 Rd6+ 39.Kc2 Qf6 40.Rh1 Kg8 41.Rhxh7 Rd8 42.Qxa7 Qg6
43.Rhd7 Qxg2+ 44.Kc3 Rxd7 45.Rxd7 Qf1 46.Kc2 Qe2+ 47.Rd2 Qe1 48.Rg2+  1-0

[Event "Hoogovens"]
[Site "Wijk aan Zee"]
[Date "1990.??.??"]
[Round "4"]
[White "Portisch, Lajos"]
[Black "Dlugy, Maxim"]
[Result "1-0"]
[WhiteElo "2605"]
[BlackElo "2525"]

1.c4 c5 2.Nf3 Nf6 3.Nc3 e6 4.g3 d5 5.cxd5 Nxd5 6.Bg2 Be7 7.O-O O-O 8.d4 Nc6
9.e4 Nb6 10.d5 exd5 11.exd5 Nb4 12.Ne1 Bf6 13.Be3 Bxc3 14.bxc3 N4xd5 15.Bxc5 Re8
16.Bd4 Bf5 17.Rc1 Rc8 18.Nf3 Be4 19.Re1 Nf6 20.Bh3 Rc7 21.Ng5 Bg6 22.Rxe8+ Qxe8
23.Bg2 Nc4 24.Bf1 b6 25.Nh3 Bh5 26.Qd3 Ne5 27.Bxe5 Qxe5 28.Qd8+ Ne8 29.Qa8 Bg4
30.Nf4 Bd7 31.Nd3 Qd6 32.Re1 Qc6 33.Qd8 Rc8 34.Qe7 Qd6 35.Qxd6 Nxd6 36.Re7 Be6
37.Rxa7 Nb5 38.Rb7 Bxa2 39.Nb4 Nxc3 40.Nxa2 Nxa2 41.Bc4 Nc3 42.Bxf7+ Kh8
43.Rxb6 Ne4 44.Rb4 Nf6 45.Rb7 g6 46.h4 Rc6 47.Bb3 Rd6 48.Rf7 Rb6 49.Bc4 Rc6
50.Be2 Kg8 51.Ra7 Rd6 52.Bb5 Kf8 53.Kg2 Re6 54.Kh3 Re7 55.Ra8+ Kg7 56.g4 Rf7
57.g5 Ne4 58.Bc4 Rf8 59.Ra7+ Kh8 60.f4 Nd6 61.Be6 Nf5 62.Kg4 Ne3+ 63.Kh3 Nf5
64.Ba2 Nxh4 65.Kxh4 Rxf4+ 66.Kg3 Rf8 67.Re7 Ra8 68.Be6 Rf8 69.Kg4 Rb8 70.Kf4 Rf8+
71.Ke5 Rd8 72.Bd5 Rf8 73.Kd6 Rd8+ 74.Kc6 Rc8+ 75.Kd7 Rb8 76.Rf7 Rg8 77.Rxh7+  1-0